Quizzes
Events
Quiz Creation
Community
Videos
Private Events
Remove Ads
Sign In
Join for FREE
Feedback
Dark Mode
Quiz Categories
Sports
Geography
Music
Movies
Television
Just For Fun
Miscellaneous
History
Literature
Language
Science
Gaming
Entertainment
Religion
Holiday
For Kids
Quiz Lab
Recent
Popular Today
Quiz Kudos Today
Editor Picks
Curator Picks
Quizzes by...
Day
Popularity
Type
Ratings
Length
Year
Community
Subscriptions
Recent Discussions
Orange Saloon
Badges
Playlists
Quests
Create
Leaderboards
Showdown
Live 5
Trivia Bingo
Activity
Puzzle Library
Sporcle Events
Private Events
Virtual Trivia
Globe League
Become a Host
Pub Owners
SporcleCon
Opinionation
Our Games
Videos
Blog
Mobile Apps
Partnerships
Remove Ads and Go Orange
Feedback
Religion
Mythology
Religious Music
World Religions
Bible
Christianity
Catholicism
Judaism
Church
Scripture
Islam
Verse
Religion
Mythology
Religious Music
World Religions
Bible
Christianity
Catholicism
Judaism
Church
Scripture
Islam
Verse
Random Quiz
Search Sporcle
×
Quiz Lab
Quiz Lab
Religion
Church
Type in answers that appear in a list
Type in answers that appear in a list
Classic
Best Score? Go Orange.
LDS Church Temples Stats
Can you name the temples of The Church of Jesus Christ of Latter-day Saints?
By
SporcleEXP
10m
155 Questions
498 Plays
498 Plays
498 Plays
Comments
Comments
Give Quiz Kudos
Give Quiz Kudos
-
- Ratings
hide this ad
More Info
Random Order
Randomize order of answers
Randomize order of answers
Replay
Link that replays current quiz
Next Quiz
Link to next quiz in quiz playlist
You Got
0%
They Got
Avg Score
66%
Avg Friend Score
Upgrade to see
Score Distribution
Jump to the score distribution portion of the page
Score
0/155
Timer
10:00
0
Plays Today
Region
Temple
% Correct
Utah
Salt Lake
95.4%
Utah
Provo Utah
92%
Utah
St. George Utah
90.3%
Utah
Logan Utah
90.3%
Utah
Manti Utah
88.7%
Utah
Ogden Utah
87.1%
Western US
Seattle Washington
86.3%
Utah
Jordan River Utah
85.7%
Western US
Los Angeles California
85.5%
Utah
Brigham City Utah
85.2%
Western US
Columbia River Washington
84.9%
Western US
Boise Idaho
84.7%
Western US
Spokane Washington
84.3%
Western US
Oakland California
84.1%
Western US
Mesa Arizona
83.7%
Eastern US
Washington DC
83.5%
Western US
Rexburg Idaho
83.3%
Western US
Twin Falls Idaho
83.1%
Utah
Bountiful Utah
82.7%
Utah
Draper Utah
82.7%
Central America
Albuquerque New Mexico
82.1%
Western US
Idaho Falls Idaho
81.9%
Western US
San Diego California
81.5%
Utah
Vernal Utah
81.1%
Utah
Monticello Utah
81.1%
Europe
London England
80.9%
Utah
Provo City Center
79.7%
Western US
Laie Hawaii
79.7%
Central US
Dallas Texas
79.5%
Western US
Sacramento California
79.5%
Western US
Portland Oregon
79.3%
Eastern US
Manhattan New York
79.3%
Utah
Payson Utah
79.2%
Western US
Denver Colorado
78.9%
Central US
Chicago Illinois
78.7%
Western US
Fresno California
78.5%
Central US
Houston Texas
78.3%
Utah
Oquirrh Mountain Utah
78.1%
Utah
Mount Timpanogos Utah
77.7%
Central America
Mexico City Mexico
77.5%
Central US
St. Louis Missouri
77.5%
Western US
Snowflake Arizona
77.1%
Western US
Redlands California
77.1%
Eastern US
Palmyra New York
76.7%
Western US
Las Vegas Nevada
75.9%
Western US
Phoenix Arizona
75.8%
Eastern US
Atlanta Georgia
75.7%
Eastern US
Orlando Florida
75.7%
Central America
Ciudad Juarez Mexico
75.7%
Central US
Nauvoo Illinois
75.7%
Western US
Newport Beach California
75.7%
Europe
Frankfurt Germany
75.3%
Region
Temple
% Correct
Central America
Colonia Juarez Chihuahua Mexico
75.1%
Central America
Guadalajara Mexico
75.1%
Central US
San Antonio Texas
75.1%
Central America
Hermosillo Sonora Mexico
74.8%
Western US
Kona Hawaii
74.4%
Central America
Merida Mexico
74.4%
South America
Sao Paulo Brazil
74.2%
Central America
Tuxtla Gutierrez Mexico
74.2%
Central America
Tampico Mexico
74.2%
Central America
Oaxaca Mexico
74%
Central America
Villahermosa Mexico
74%
Central America
Veracruz Mexico
74%
Central America
Monterrey Mexico
74%
Central US
Kansas City Missouri
73.9%
Asia
Tokyo Japan
73.6%
Canada
Cardston Alberta
73.2%
Western US
Gilbert Arizona
73.2%
Europe
Freiberg Germany
73%
Oceania
Sydney Australia
72.4%
Western US
Medford Oregon
72.2%
Eastern US
Boston Massachusetts
72.2%
Western US
Billings Montana
72%
Western US
Reno Nevada
72%
Central US
Lubbock Texas
72%
South America
Recife Brazil
71.6%
South America
Campinas Brazil
71.6%
Europe
Preston England
71.2%
South America
Porto Alegre Brazil
71.2%
Oceania
Melbourne Australia
71%
Asia
Hong Kong China
70.6%
Oceania
Perth Australia
70.6%
Eastern US
Columbia South Carolina
70.4%
South America
Curitiba Brazil
70.4%
Eastern US
Columbus Ohio
70.2%
Europe
Bern Switzerland
70%
Central US
Winter Quarters Nebraska
70%
South America
Santiago Chile
69.6%
Canada
Edmonton Alberta
69.4%
Oceania
Adelaide Australia
69.4%
Oceania
Brisbane Australia
69.4%
Europe
Madrid Spain
69.2%
Africa
Johannesburg South Africa
69%
Canada
Toronto Ontario
69%
South America
Buenos Aires Argentina
68.4%
Central America
Tijuana Mexico
68.2%
Eastern US
Memphis Tennessee
68%
Eastern US
Nashville Tennessee
67.8%
Eastern US
Raleigh North Carolina
67.6%
Asia
Fukuoka Japan
67.4%
South America
Lima Peru
66.4%
Central US
Oklahoma City Oklahoma
66.4%
Western US
Anchorage Alaska
66%
Region
Temple
% Correct
Canada
Calgary Alberta
65.4%
Central US
Baton Rouge Louisiana
65.2%
Canada
Montreal Quebec
65%
Canada
Vancouver Britich Columbia
65%
Central US
Bismarck North Dakota
64.8%
Eastern US
Birmingham Alabama
64.8%
South America
Manaus Brazil
64.8%
Oceania
Hamilton New Zealand
64.6%
Oceania
Apia Samoa
64.4%
Eastern US
Fort Lauderdale Florida
64.2%
Western US
The Gila Valley Arizona
63.8%
Western US
Fort Collins Colorado
63.5%
Europe
Stockholm Sweden
63.2%
Central US
St. Paul Minnesota
62.6%
Oceania
Nuku'alofa Tonga
62%
Eastern US
Detroit Michigan
61.8%
Central US
Indianapolis Indiana
61.5%
Western US
Star Valley Wyoming
60.4%
Eastern US
Louisville Kentucky
60.2%
Africa
Accra Ghana
60%
Europe
Helsinki Finland
59.8%
Europe
Copenhagen Denmark
59.6%
South America
Bogota Colombia
58.8%
South America
Guayaquil Ecuador
58.8%
Eastern US
Philadelphia Pennsylvania
58.3%
Asia
Manila Philippines
58.1%
Oceania
Suva Fiji
58.1%
Canada
Halifax Nova Scotia
57.9%
South America
Asuncion Paraguay
57.7%
Canada
Regina Saskatchewan
57.5%
Central America
Guatemala City Guatemala
57.3%
South America
Caracas Venezuela
57.3%
South America
Montevideo Uruguay
56.5%
South America
Cochabamba Bolivia
56.1%
Caribbean
Santo Domingo Dominican Republic
55.5%
Africa
Aba Nigeria
55.3%
Central America
Panama City Panama
55.1%
Asia
Sapporo Japan
54.7%
Asia
Seoul Korea
53.9%
Europe
The Hague Netherlands
53.7%
South America
Cordoba Argentina
53.5%
Eastern US
Hartford Connecticut
52.6%
Central America
Quetzaltenango Guatemala
52.5%
South America
Trujillo Peru
51.5%
Asia
Taipei Taiwan
51.5%
Central America
San Jose Costa Rica
50.9%
Europe
Kyiv Ukraine
50.3%
Oceania
Papeete Tahiti
48.7%
Central America
Tegucigalpa Honduras
47.2%
Asia
Cebu City Philippines
46.7%
Central America
San Salvador El Salvador
44.3%
Quiz Playlist
Details
Report
Send in Message
Add To Playlist
More Info:
Answers are the names assigned to each temple by the LDS Church and are not necessarily the names of the city or town in which they are located.
Classic:
Type in answers that appear in a list
Random Order:
Randomize order of answers
Quiz Source
Last Updated: Feb 16, 2017
Quiz Scoreboard
CHALLENGE
Sign Up to Join the Scoreboard
Show All
Scores
Hide
Comments
May contain spoilers
Recently Published
Movies - When Are They Set?
by FPL_Elf
Movies
5m
Popular People in 1961
by mucciniale
History
6m
1-10 Letter E Words III
by El_Dandy
Language
2m
More to Explore
Quiz From the Vault
Featured Blog Post
Where Did the Easter Bunny Come From?
hide this ad
You Might Also Like...
Tags
Church Quiz
Chronologically
date
Dedication
lds
LDS Church
temple
Today's Top Quizzes in Religion
Browse Religion
hide this ad
Today's Top Quizzes in Church
Browse Church
Top Contributed Quizzes in Religion
1
10 to 1: Islam
2
Religion Who Wants To Be A Millionaire
3
10 to 1: Protestantism
4
10 to 1: Norse Religion
5
10 to 1: Judaism
6
10 to 1: Hinduism
7
One Thing in Common: Mythology
8
Names of Surahs in the Quran
9
Order Up: Seven Last Words of Christ
10
One Thing in Common: Mythology II
Explore More
Trending Topics
Kpop
NBA
Anime
Disney
Marvel
Harry Potter
Crossword
The Office
Puzzle
Song
Soccer
WWE
Pokémon
Country
NFL
hide this ad
More By:
SporcleEXP
Quiz
Plays
Rating
Category
Featured
Created
Harry Potter Deaths in Order Minefield
3,067,995
4.18
Literature
Jan 27, 2016
Sins, Dwarfs, and Spice Girls
847,245
4.42
Just For Fun
Apr 11, 2012
Ancient History Bunker
708,010
4.28
History
Jan 20, 2014
Movie Posters VI
678,969
4.37
Movies
Nov 12, 2010
Movie Posters VII
621,794
4.44
Movies
Apr 16, 2011
Go to Creator's Profile
Score Distribution
Quiz Creator Spotlight
SporcleEXP
Follow
Send a Message
Quizzes Created
-
Created Quiz Play Count
-
More By This Creator
Popular Quizzes Today
1
Find the Countries of Europe - No Outlines Minefield
2
Find the US States - No Outlines Minefield
3
The Countries of the World
4
Popular People in 1961
5
1-10 Letter E Words III
6
US States
7
Find the US States
8
One Thing in Common: World Cities II
More Religion Quizzes
Greek Mythology Missing a Letter
Published
Trending Quizzes
Risky Map Clicking: Least Populous States A-Z
Humor Books: The Subtitles
1-10 Letter F Words
1-10 Letter G Words
One Thing in Common: United Kingdom
Recently Updated
Leaping Animals
pecheneg
Reality TV Shows (A-Z)
bhenderson79
Rickey Henderson's Hall of Fame Teammates
pecheneg
Champions League XIs: Arsenal
pecheneg
Quick Pick: Celebrities in WWE's Hall of Fame
aduchscher
A-Z Keypad Blitz II
pecheneg
Multiple Oscar Actors
pecheneg
Mystery Phrase Blitz: Oscar 'Best Actors'
pecheneg
F. Scott Fitzgerald Novels
LTH
Pick 3 Villains
ddd62291
Trending Topics
Disney
Crossword
Kpop
NBA
Marvel
Anime
Harry Potter
WWE
The Office
Song
Puzzle
Soccer
NFL
Country
Pokémon
Your Account Isn't Verified!
In order to create a playlist on Sporcle, you need to verify the email address you used during registration. Go to your
Sporcle Settings
to finish the process.
Report this User
Report this user for behavior that violates our
Community Guidelines
.
Details:
Send Report
Go to the Sporcle.com Mobile Site →
Comments